00613nam a2200193Ia 4500001002200000003000900022008004100031040002300072041001300095100001900108245005700127250001500184260002800199300001900227500001500246501012400261700001900385700001500404238.1-BIF gi io (868)IT-MiSPE171229s9999||||xx |||||||||||||| ||und|| aIT-MiSPEcIT-MiSPE aITALIANO aGiacomo Biffi  0aIo credobBreve esposizione della dottrina cattolica a1a ed. (v) aMilanobJaca Bookc1980 a219 p. c23 cm aCatechismi aEdizioni San Paolo srl - Piazza Soncino, 5 - 20092 CINISELLO BALSAMO (MI) (non commercial uses only) ® Copyright 2018 aCarlo Caffarra aInos Biffi